Loading...
Your dreams are mine now
| Hovedforfatter: | |
|---|---|
| Format: | Printed Book |
| Udgivet: |
Gurgaon
Penguin
2014
|
| Fag: |
| LEADER | 00489nam a22001457a 4500 | ||
|---|---|---|---|
| 020 | |a 9780143423003 | ||
| 082 | |a In823.9 |b SIN/Y | ||
| 100 | |a Singh, Ravinder | ||
| 245 | |a Your dreams are mine now | ||
| 260 | |a Gurgaon |b Penguin |c 2014 | ||
| 300 | |a 265p. | ||
| 650 | |a Indian english literature | ||
| 942 | |c BK | ||
| 999 | |c 43548 |d 43548 | ||
| 952 | |0 0 |1 0 |4 0 |6 IN_823_900000000000000_SINY |7 0 |8 Stack |9 47514 |a KUCL |b KUCL |c Stack |d 2017-05-24 |g 175.00 |l 13 |m 8 |o In823.9 SIN/Y |p 44419 |r 2019-09-07 |s 2019-08-03 |w 2017-05-24 |y BK | ||